Geography In Beatles Songs - Statistics

General Stats
  • This quiz has been taken 86 times
    76 since last reset
  • The average score is 12 of 33
Answer Stats
Answer % Correct
England
84%
U.S.S.R.
74%
Atlantic
71%
U.S.A.
71%
Liverpool
68%
London
68%
France
66%
Paris
50%
Spain
50%
Moscow
48%
Ukraine
40%
Georgia
39%
Isle of Wight
35%
Gibraltar
34%
Los Angeles
34%
Miami Beach
32%
Norway
29%
Seine
27%
Arizona
26%
Holland
26%
Kansas City
26%
Amsterdam
24%
California
24%
Vienna
24%
Dakota
23%
Southampton
23%
Blackburn
21%
Tucson
21%
Lancashire
18%
Cast Iron
16%
Black Mountain Hills
15%
Kirkcaldy
6%
Saxony
2%
No matching quizzes found
Score Distribution
Percent of People with Each Score
Percentile by Number Answered
Your Score History
You have not taken this quiz since the last reset